| 000 | 00343nam a2200145 a 4500 | ||
|---|---|---|---|
| 008 | 980214s1968||||xx 0 und c | ||
| 040 |
_aSNK _bslo _cSNK _eAACR2 |
||
| 100 | 1 | _aLiebfeld, Alfred | |
| 245 | 1 | 0 | _aFranklin Delano Roosevelt |
| 260 |
_aBratislava _bVPL _c1968 |
||
| 300 | _a332 s. | ||
| 020 | _c22 | ||
| 044 |
_axo _cSK |
||
| 041 | _aslo | ||
| 999 |
_c12076 _d12076 |
||